| 000 | 00452cam a2200181ua 4500 | ||
|---|---|---|---|
| 001 | 5101 | ||
| 005 | 20260515113832.0 | ||
| 008 | 120301n ii |||gr||||Z||||||eng | ||
| 040 | _cMAIN | ||
| 082 | _a823 | ||
| 100 |
_aDickens, Charles, _eAuthor., |
||
| 245 | 1 | 1 |
_aTales of two cities _cby Charles Dickens |
| 250 | _a1st. | ||
| 260 |
_aCalcutta: _bGem publishers pvt. ltd., _c1981. |
||
| 300 |
_a119p: _c15cm. |
||
| 653 | _aEnglish fiction | ||
| 942 | _cBK | ||
| 999 |
_c4281 _d4281 |
||